000 00503nam a2200181Ia 4500
003 OSt
005 20260106113023.0
008 210210b1939 xxu||||| |||| 00| 0 eng d
040 _cAL
041 _aKannada
082 _a859/1574
100 _aRAMARAV (M)
_9149764
_dರಾಮರಾವ್ (ಎಂ).
245 _aRajasthana kathavali-2
_bರಾಜಸ್ಥಾನ ಕಥಾವಳಿ - ೨
260 _aBengaluru
_b-
_c1939
690 _aKannada Fiction
_9149767
906 _a022301
942 _2ddc
_cBK
999 _c146601
_d146601